Statistics for Biggest World Cities in 1850

Click here to take the quiz!

General Stats

  • This quiz has been taken 13,735 times
  • The average score is 11 of 20

Answer Stats

Population City % Correct
2.3 milLondon
99%
1.3 milParis
96%
700 kNew York City
95%
500 kBerlin
86%
400 kMoscow
81%
1.6 milPeking
81%
600 kEdo
79%
800 kConstantinople
61%
600 kBombay
53%
500 kSaint Petersburg
51%
400 kManchester
50%
400 kVienna
45%
400 kPhiladelphia
39%
400 kCalcutta
35%
400 kLiverpool
31%
300 kGlasgow
25%
400 kNaples
24%
800 kCanton
17%
700 kHangchow
4%
500 kSoochow
3%

Score Distribution

Percentile by Number Answered

Percent of People with Each Score

Your Score History

You have not taken this quiz